000 00616nam a2200277Ia 4500
005 20260401122317.0
008 008 250103s9999 xx 000 0 eng d
020 _a8185952906
037 _aTB
040 _aEDL
040 _beng
040 _cEDL
041 _2eng
041 _aeng
084 _a305.42 SAN
084 _qEDL
245 0 _aFrom Myths to Markets: Essays on Gender
260 _aNew Delhi
260 _bManohar Publishers & Distributors
260 _c2001
300 _a393p
942 _cTB
942 _h305.42 SAN
999 _c1846420
_d1846420